000
00325nam a2200121Ia 4500
008
220204s9999 xx 000 0 und d
082
_a
667.638
_b
PAR.5
245
0
_a
Organic coatings science and technology. V 5
260
_a
New York
_b
Marcel Dekker
_c
1983
700
_a
Angelo V
700
_a
Patsis, Geoffrey D
942
_c
BK
999
_c
39008
_d
39008